[Event "18th Unive Open 2014"]
[Site "Hoogeveen NED"]
[Date "2014.10.18"]
[Round "9.7"]
[White "Kasparov, Sergey"]
[Black "Rudolf, Anna"]
[Result "1-0"]
[WhiteTitle "GM"]
[BlackTitle "WGM"]
[WhiteElo "2484"]
[BlackElo "2314"]
[WhiteFideId "13500481"]
[BlackFideId "722855"]
[EventDate "2014.10.11"]

1. e4 e6 2. d4 d5 3. Nd2 Be7 4. e5 c5 5. c3 Nc6 6. Bd3 cxd4 7. cxd4 Qb6 8. Ndf3
Bd7 9. Ne2 Nb4 10. Bb1 Bb5 11. O-O Qa6 12. Re1 Nd3 13. Bxd3 Bxd3 14. Nc3 Rc8 15.
a4 Bb4 16. Re3 Bg6 17. Nb5 Nh6 18. Bd2 Bxd2 19. Nd6+ Kd7 20. Qxd2 Rc2 21. Qb4
Qb6 22. Qxb6 axb6 23. Rb3 Kc7 24. h3 Rc6 25. a5 Bc2 26. axb6+ Rxb6 27. Rc3+ Rc6
28. Rxc6+ bxc6 29. Nxf7 Rb8 30. N7g5 Nf5 31. Nxe6+ Kc8 32. g4 Be4 33. gxf5 Bxf3
34. Nxg7 c5 35. Rc1 c4 36. e6 Rb7 37. f6 1-0

[Event "18th Unive Open 2014"]
[Site "Hoogeveen NED"]
[Date "2014.10.18"]
[Round "9.8"]
[White "Malaniuk, Vladimir P"]
[Black "Ris, Robert"]
[Result "1/2-1/2"]
[WhiteTitle "GM"]
[BlackTitle "IM"]
[WhiteElo "2495"]
[BlackElo "2427"]
[WhiteFideId "14100177"]
[BlackFideId "1011480"]
[EventDate "2014.10.11"]

1. b3 e5 2. Bb2 Nc6 3. e3 g6 4. c4 Bg7 5. Nf3 f5 6. d3 d6 7. a3 a5 8. Nc3 Nf6 9.
Be2 O-O 10. O-O h6 11. d4 e4 12. Ne1 g5 13. f3 exf3 14. Bxf3 Ne7 15. g3 c6 16.
Ng2 d5 17. Be2 Be6 18. a4 Qd7 19. Qc2 Ne4 20. Nxe4 fxe4 21. Ba3 Rxf1+ 22. Rxf1
Rf8 23. Qd2 Ra8 24. Bb2 b6 25. Bc3 Rd8 26. Ne1 Bh3 27. Rf2 Qe6 28. Nc2 Nf5 29.
Qd1 Rf8 30. Bb2 Rf7 31. Ba3 Bf8 32. Bxf8 Rxf8 33. Bf1 Ng7 34. Bxh3 Qxh3 35.
Rxf8+ Kxf8 36. cxd5 cxd5 37. Qf1+ Qxf1+ 38. Kxf1 Ke7 39. g4 Ne8 40. Na3 Nd6 41.
Nb5 Nxb5 42. axb5 1/2-1/2

[Event "18th Unive Open 2014"]
[Site "Hoogeveen NED"]
[Date "2014.10.18"]
[Round "9.9"]
[White "Gonzalez De La Torre, Santiago"]
[Black "Van der Lende, Ilias"]
[Result "1-0"]
[WhiteTitle "IM"]
[WhiteElo "2440"]
[BlackElo "2277"]
[WhiteFideId "2221667"]
[BlackFideId "1019260"]
[EventDate "2014.10.11"]

1. e4 e6 2. d4 d5 3. Nc3 Bb4 4. e5 c5 5. a3 Bxc3+ 6. bxc3 Ne7 7. Qg4 cxd4 8.
Qxg7 Rg8 9. Qxh7 Qc7 10. Ne2 Nbc6 11. f4 dxc3 12. Qd3 d4 13. Nxd4 Nxd4 14. Qxd4
Bd7 15. Rg1 Nf5 16. Qf2 Qc6 17. Bd3 Qd5 18. Be3 Nxe3 19. Qxe3 Rxg2 20. Rxg2 Qxg2
21. Be4 Qd2+ 22. Qxd2 cxd2+ 23. Kxd2 O-O-O 24. h4 Bc6+ 25. Ke3 Bxe4 26. Kxe4 Rd2
27. Rh1 Rxc2 28. h5 Kd7 29. h6 Rc4+ 30. Kf3 Rc8 31. h7 Rh8 32. Kg4 f6 33. exf6
Ke8 34. Kg5 Kf7 35. Rh2 b5 36. Rh1 a5 37. Rh2 b4 38. axb4 axb4 39. Rh3 b3 40.
Rxb3 Rxh7 41. Rb7+ Kg8 42. Rxh7 Kxh7 43. Kh5 Kh8 44. Kh6 e5 45. f7 exf4 46.
f8=Q# 1-0

[Event "18th Unive Open 2014"]
[Site "Hoogeveen NED"]
[Date "2014.10.18"]
[Round "9.10"]
[White "Franco Alonso, Alejandro"]
[Black "Groetzbach, Julian"]
[Result "1-0"]
[WhiteTitle "IM"]
[WhiteElo "2454"]
[BlackElo "2169"]
[WhiteFideId "2214067"]
[BlackFideId "24600938"]
[EventDate "2014.10.11"]

1. d4 d5 2. c4 c6 3. Nf3 Nf6 4. Qc2 dxc4 5. e4 Bg4 6. Bxc4 e6 7. Be3 Nbd7 8.
Nbd2 Be7 9. O-O O-O 10. Ne5 Nxe5 11. dxe5 Nd7 12. f4 b5 13. Bd3 Nc5 14. Bxc5
Bxc5+ 15. Qxc5 Qxd3 16. Rf2 Rfd8 17. Re1 Qd4 18. Qxd4 Rxd4 19. Nb3 Rd3 20. h3
Bd1 21. Rd2 Rxd2 22. Nxd2 Bc2 23. Rc1 Bd3 24. Kf2 b4 25. Rxc6 Kf8 26. Ke3 Bb5
27. Rc5 a6 28. Nc4 Bxc4 29. Rxc4 a5 30. Rc5 h5 31. Rb5 Rc8 32. Kd3 Rd8+ 33. Ke3
Rc8 34. Rxa5 Rc2 35. b3 Rxg2 36. Kf3 Rh2 37. Kg3 Re2 38. Ra8+ Ke7 39. Ra7+ Ke8
40. Ra8+ Ke7 41. Ra7+ Ke8 42. Ra4 g5 43. Rxb4 Re3+ 44. Kg2 gxf4 45. a4 Rg3+ 46.
Kf2 Rxh3 47. a5 Rh2+ 48. Kf3 Ra2 49. Ra4 Rb2 50. b4 h4 51. a6 1-0

[Event "18th Unive Open 2014"]
[Site "Hoogeveen NED"]
[Date "2014.10.18"]
[Round "9.11"]
[White "Tondivar, Babak"]
[Black "Pranav Vijay"]
[Result "1/2-1/2"]
[WhiteTitle "FM"]
[WhiteElo "2288"]
[BlackElo "2197"]
[WhiteFideId "12501239"]
[BlackFideId "5091640"]
[EventDate "2014.10.11"]

1. d4 Nf6 2. Nf3 g6 3. g3 Bg7 4. Bg2 O-O 5. O-O d5 6. c4 c6 7. cxd5 cxd5 8. Ne5
Ng4 9. Nxg4 Bxg4 10. Nc3 Nc6 11. h3 Bd7 12. Nxd5 Nxd4 13. Be3 Nf5 14. Bc5 Bc6
15. g4 Bxd5 16. Qxd5 Qxd5 17. Bxd5 Rac8 18. Rac1 b6 19. gxf5 bxc5 20. fxg6 hxg6
21. Rc2 e6 22. Bf3 a5 23. b3 1/2-1/2

[Event "18th Unive Open 2014"]
[Site "Hoogeveen NED"]
[Date "2014.10.18"]
[Round "9.12"]
[White "Vedder, Richard"]
[Black "Ernst, Sipke"]
[Result "0-1"]
[WhiteTitle "FM"]
[BlackTitle "GM"]
[WhiteElo "2277"]
[BlackElo "2555"]
[WhiteFideId "1004166"]
[BlackFideId "1004689"]
[EventDate "2014.10.11"]

1. e4 c5 2. Nf3 e6 3. Nc3 a6 4. g3 b5 5. d4 cxd4 6. Nxd4 Bb7 7. Bg2 Nf6 8. O-O
d6 9. Re1 Nfd7 10. e5 Bxg2 11. exd6 Bb7 12. Bf4 Nf6 13. Qd3 b4 14. Qc4 Qc8 15.
Qxb4 Nc6 16. Qa4 Qd7 17. Nf3 Nb8 18. Qd4 0-1

[Event "18th Unive Open 2014"]
[Site "Hoogeveen NED"]
[Date "2014.10.18"]
[Round "9.14"]
[White "Mueer, Sebastian"]
[Black "Bezemer, Arno"]
[Result "1/2-1/2"]
[BlackTitle "FM"]
[WhiteElo "2185"]
[BlackElo "2275"]
[WhiteFideId "24622001"]
[BlackFideId "1001396"]
[EventDate "2014.10.11"]

1. d4 Nf6 2. c4 g6 3. Nc3 d5 4. cxd5 Nxd5 5. e4 Nxc3 6. bxc3 Bg7 7. Nf3 c5 8.
Rb1 O-O 9. Be2 b6 10. O-O Qc7 11. Qb3 e6 12. Rd1 Nc6 13. Be3 Na5 14. Qa3 Bb7 15.
dxc5 Bxe4 16. Rb4 Bb7 17. cxb6 axb6 18. Bxb6 Qxc3 19. Qxc3 Bxc3 20. Bxa5 Bxf3 1/2-1/2

[Event "18th Unive Open 2014"]
[Site "Hoogeveen NED"]
[Date "2014.10.18"]
[Round "9.15"]
[White "Van Foreest, Lucas"]
[Black "Mellema, Andries"]
[Result "1-0"]
[WhiteElo "2314"]
[BlackElo "2136"]
[WhiteFideId "1039792"]
[BlackFideId "1011464"]
[EventDate "2014.10.11"]

1. e4 e6 2. d4 d5 3. Nd2 dxe4 4. Nxe4 Bd7 5. Nf3 Bc6 6. Bd3 Nd7 7. O-O Ngf6 8.
Nxf6+ Nxf6 9. c3 Bxf3 10. Qxf3 Qd5 11. Qe2 Bd6 12. b4 c6 13. g4 h6 14. f4 O-O-O
15. Rb1 Bc7 16. Be3 Qd6 17. c4 h5 18. d5 Nxg4 19. Bxa7 g5 20. b5 cxb5 21. Rxb5
gxf4 22. Bc5 Qe5 23. Qf3 b6 24. dxe6 Qxe6 25. Rd1 Ne3 26. Qa8+ Kd7 27. Bf5+ Nxd1
28. Bxe6+ fxe6 29. Qf3 bxc5 30. Qxd1+ Ke7 31. Qf3 Be5 32. Kf1 Rc8 33. Rb6 Rh6
34. Rb7+ Kf6 35. Qh3 Rg8 36. Qh4+ Kf5 37. Rf7+ Bf6 38. Qh3+ Ke5 39. Qc3+ Kf5 40.
Qc2+ Ke5 41. Qf2 Rhg6 42. Qxc5+ Ke4 43. Qc6+ Ke5 44. Qb5+ Ke4 45. Qb1+ Ke5 46.
Qb2+ Ke4 47. Qe2+ Kf5 48. Qxh5+ Ke4 49. Qe2+ Kf5 50. Qd3+ Ke5 51. Ke2 Rh6 52.
Rh7 Rxh7 53. Qxh7 Rg2+ 54. Kf3 Rxa2 55. Qc7+ Kf5 56. Qxf4+ Kg6 57. Qe4+ Kf7 58.
Qh7+ Bg7 59. h4 Ra3+ 60. Ke4 Rc3 61. Qh5+ Kf6 62. Kd4 Rc1 63. Kc5 Bf8+ 64. Kb5
Rf1 65. Qh8+ Kf7 66. Qh7+ Kf6 67. h5 Rf5+ 68. Kb6 Rf4 69. Qg6+ Ke5 70. c5 Rb4+
71. Kc6 Rf4 72. h6 Rf6 73. Qg5+ Rf5 74. Qg3+ Kf6 75. h7 Rxc5+ 76. Kb6 Rh5 77.
Qf3+ Kg6 78. Qxh5+ 1-0

[Event "18th Unive Open 2014"]
[Site "Hoogeveen NED"]
[Date "2014.10.18"]
[Round "9.16"]
[White "Vereggen, Lars"]
[Black "Kramer, Julian"]
[Result "1/2-1/2"]
[WhiteElo "2206"]
[BlackElo "2147"]
[WhiteFideId "1029258"]
[BlackFideId "12921742"]
[EventDate "2014.10.11"]

1. d4 d5 2. c4 c6 3. Nf3 Nf6 4. e3 Bg4 5. Qb3 Qb6 6. Ne5 Bf5 7. Nc3 e6 8. c5 Qc7
9. h3 Nbd7 10. g4 Bg6 11. Nxg6 hxg6 12. Bg2 b6 13. cxb6 Nxb6 14. Qc2 c5 15. dxc5
Bxc5 16. e4 Bb4 17. exd5 Nfxd5 18. O-O O-O 19. Qb3 Bxc3 20. bxc3 Rab8 21. Bg5
Nxc3 1/2-1/2

[Event "18th Unive Open 2014"]
[Site "Hoogeveen NED"]
[Date "2014.10.18"]
[Round "9.17"]
[White "Antoli Royo, Joaquin Miguel"]
[Black "Clemens, Adrian"]
[Result "1-0"]
[WhiteTitle "IM"]
[BlackTitle "FM"]
[WhiteElo "2450"]
[BlackElo "2195"]
[WhiteFideId "2259532"]
[BlackFideId "1006487"]
[EventDate "2014.10.11"]

1. e4 c5 2. Nf3 e6 3. d4 cxd4 4. Nxd4 Nc6 5. Nc3 Qc7 6. f4 a6 7. Be3 b5 8. Bd3
Bb7 9. Qf3 Nf6 10. g4 h5 11. g5 Ng4 12. Bg1 Nxd4 13. Bxd4 e5 14. fxe5 Bc5 15.
Bxc5 Qxc5 16. O-O-O Qf2 17. Qh3 Qf4+ 18. Rd2 Qxg5 19. Be2 Nxe5 20. Qf1 g6 21.
Rg1 Qe7 22. Qf2 Kf8 23. Nd1 Bxe4 24. Qf4 d5 25. Ne3 Kg7 26. Rd4 Nc6 27. Bf3 Rhe8
28. Bxe4 Qxe4 29. Nf5+ Kf6 30. Qg5+ Ke6 31. Ng7+ 1-0

[Event "18th Unive Open 2014"]
[Site "Hoogeveen NED"]
[Date "2014.10.18"]
[Round "9.18"]
[White "Boer, Alef"]
[Black "Colijn, Stefan"]
[Result "1/2-1/2"]
[WhiteElo "2167"]
[BlackElo "2259"]
[WhiteFideId "1007122"]
[BlackFideId "1016199"]
[EventDate "2014.10.11"]

1. c4 e5 2. g3 Nf6 3. Bg2 Nc6 4. Nc3 Bc5 5. Nf3 O-O 6. O-O d6 7. d3 h6 8. a3 a6
9. b4 Ba7 10. Bb2 Rb8 11. Rc1 Bf5 12. e3 Qd7 13. d4 exd4 14. Nd5 Nxd5 15. cxd5
Ne5 16. Bxd4 Bxd4 17. Qxd4 Rfe8 18. Rc3 c6 19. Nxe5 dxe5 20. dxc6 exd4 21. cxd7
dxc3 22. dxe8=R+ Rxe8 23. Rc1 Rc8 24. Bxb7 Rc7 25. Bxa6 Ra7 26. Be2 Rxa3 27. f3
Rb3 28. e4 Bd7 29. Kf2 Rxb4 30. Rxc3 g5 31. h4 g4 32. Bc4 gxf3 33. Kxf3 Kg7 34.
Bd5 Rb6 35. e5 Be6 36. Be4 Rb4 37. Rc6 Ra4 38. Rd6 Rb4 39. Bd5 Bxd5+ 40. Rxd5
Ra4 41. Rd7 Ra6 42. g4 Rb6 43. Kf4 Ra6 44. Kf5 Ra1 45. Rd4 Rf1+ 46. Rf4 Re1 47.
Rf3 Rh1 48. h5 Re1 49. Kf4 f6 50. exf6+ Kxf6 51. Kg3+ Kg7 52. Ra3 Re7 53. Ra6
Rf7 54. g5 hxg5 55. Kg4 1/2-1/2

[Event "18th Unive Open 2014"]
[Site "Hoogeveen NED"]
[Date "2014.10.18"]
[Round "9.19"]
[White "Hoffman, Ron"]
[Black "De Jong, Migchiel"]
[Result "0-1"]
[BlackTitle "IM"]
[WhiteElo "2086"]
[BlackElo "2321"]
[WhiteFideId "1007599"]
[BlackFideId "1002848"]
[EventDate "2014.10.11"]

1. d4 d6 2. g3 Nf6 3. Bg2 g6 4. e4 Bg7 5. Ne2 O-O 6. O-O e5 7. Nbc3 c6 8. a4 a5
9. h3 Na6 10. Be3 Nb4 11. Qd2 Re8 12. Rad1 exd4 13. Bxd4 Be6 14. Nf4 Bc4 15.
Rfe1 Qc7 16. f3 Rad8 17. b3 Ba6 18. Qf2 Nd7 19. Bxg7 Kxg7 20. Nb1 Qb6 21. Rd2
Qxf2+ 22. Kxf2 Nc5 23. Red1 g5 24. Nh5+ Kg6 25. Rxd6+ Rxd6 26. Rxd6+ Re6 27.
Rxe6+ fxe6 28. g4 Nxc2 29. Nd2 Nd4 30. f4 Ndxb3 31. f5+ Kf7 32. Nf3 Nxe4+ 33.
Ke3 exf5 34. gxf5 Nf6 35. Nxg5+ Ke7 36. Nxf6 Kxf6 37. Nxh7+ Kxf5 38. Be4+ Ke5
39. Bc2 Nd4 40. Bd1 Bc4 41. Nf8 Nf5+ 42. Kd2 Kd4 43. Bg4 Ne3 44. Bc8 b5 45. axb5
cxb5 46. Bd7 a4 47. Ne6+ Bxe6 48. Bxe6 Nc4+ 49. Kc2 b4 50. h4 b3+ 51. Kb1 a3 52.
Bf5 a2+ 53. Ka1 Ne3 0-1

[Event "18th Unive Open 2014"]
[Site "Hoogeveen NED"]
[Date "2014.10.18"]
[Round "9.20"]
[White "Szostko, Jakub"]
[Black "Schoehuijs, Erik"]
[Result "1-0"]
[WhiteElo "2102"]
[BlackElo "2160"]
[WhiteFideId "1174282"]
[BlackFideId "1004425"]
[EventDate "2014.10.11"]

1. e4 e5 2. Nf3 Nc6 3. Bb5 Nf6 4. O-O Nxe4 5. d4 Be7 6. Re1 Nd6 7. Bxc6 dxc6 8.
dxe5 Nf5 9. Qxd8+ Bxd8 10. Nc3 O-O 11. Bf4 Be6 12. Rad1 Be7 13. a3 h6 14. h3
Rfd8 15. g4 Nh4 16. Nxh4 Bxh4 17. Kg2 Be7 18. Be3 g5 19. Ne2 Rd5 20. Rxd5 Bxd5+
21. f3 Rd8 22. Ng3 Bf8 23. Nf5 Re8 24. Bd4 c5 25. Bc3 b5 26. Bd2 Re6 27. Kg3 b4
28. h4 gxh4+ 29. Nxh4 bxa3 30. bxa3 Ra6 31. Ra1 Ra4 32. Nf5 Kh7 33. Bxh6 Bxh6
34. Rh1 Bb7 35. Rxh6+ Kg8 36. Rf6 Rxa3 37. Nh6+ Kg7 38. Nxf7 Re3 39. Nd8 Bd5 40.
Ne6+ Kg8 41. Nxc7 Bb7 42. e6 a5 43. Kf2 Re5 44. Rf7 Bc6 45. Rd7 Kf8 46. Rd6 Ba4
47. Nd5 Bxc2 48. e7+ Kf7 49. Rf6+ Kg7 50. Ra6 Bg6 51. Nf4 Bf7 52. Rxa5 Kf6 53.
Nd3 Rd5 54. Nxc5 Kxe7 55. Ra7+ Kf8 56. Ne4 Bg6 57. Ke3 Rb5 58. Kf4 Rd5 59. Rc7 1-0

[Event "18th Unive Open 2014"]
[Site "Hoogeveen NED"]
[Date "2014.10.18"]
[Round "9.21"]
[White "Majhi, Ankit"]
[Black "Henseler, Jorgen"]
[Result "1/2-1/2"]
[WhiteElo "2172"]
[BlackElo "2085"]
[WhiteFideId "1033735"]
[BlackFideId "1023233"]
[EventDate "2014.10.11"]

1. e4 c6 2. d4 d5 3. Nd2 dxe4 4. Nxe4 Nd7 5. Ng5 Ngf6 6. Bd3 e6 7. Qe2 Bd6 8.
N1f3 h6 9. Ne4 Nxe4 10. Qxe4 Qc7 11. O-O b6 12. Qg4 Kf8 13. Qe4 Bb7 14. Qe2 Rd8
15. c3 c5 16. h3 Qc6 17. Re1 Nf6 18. Bd2 g5 19. Bb5 Qe4 20. Qxe4 Nxe4 21. Be3
Ke7 22. Ne5 Bxe5 23. dxe5 a6 24. Be2 f5 25. exf6+ Nxf6 26. c4 Rhg8 27. b4 cxb4
28. Bxb6 Rb8 29. Ba7 Rbc8 30. Rab1 a5 31. a3 Be4 32. Rb3 Bc2 33. Re3 b3 34. Bd4
Rgd8 35. Bc3 Ne4 36. Bb2 Rd2 37. Bc1 Rd4 38. Bb2 Rd2 39. a4 Nc5 40. Ba3 Kf7 41.
Bh5+ Kg7 42. Rf3 Rd7 43. Bg4 Rf7 44. Rfe3 Bf5 45. Bh5 Rb7 46. g4 Bc2 47. Rxe6 1/2-1/2

[Event "18th Unive Open 2014"]
[Site "Hoogeveen NED"]
[Date "2014.10.18"]
[Round "9.22"]
[White "Mijnheer, Peter"]
[Black "Hovenga, Alje"]
[Result "1/2-1/2"]
[WhiteElo "2169"]
[BlackElo "2201"]
[WhiteFideId "1007408"]
[BlackFideId "1005812"]
[EventDate "2014.10.11"]

1. e4 c6 2. d4 d5 3. Nc3 dxe4 4. Nxe4 Nd7 5. Nf3 Ndf6 6. Ng3 e6 7. Bd3 Bd6 8.
O-O Qc7 9. h3 Ne7 10. Ne4 Nxe4 11. Bxe4 b6 12. c4 Bb7 13. Qc2 c5 14. dxc5 bxc5
15. Be3 Nc6 16. a3 h6 17. b4 cxb4 18. c5 Be7 19. axb4 O-O 20. b5 Nb4 21. Qc4
Bxe4 22. Qxe4 Nd5 23. Rfc1 Nxe3 24. Qxe3 Bf6 25. Rab1 Rab8 26. Qe4 Qa5 27. Qc4
Rfc8 28. c6 Rb6 29. Qd3 Rbb8 30. g3 g6 31. Kg2 Kg7 32. h4 Qa4 33. Qb3 Qe4 34.
Qc4 Qf5 35. Rd1 Bd8 36. g4 Qf6 37. Rd7 Bb6 38. Rbd1 Rh8 39. Qe4 Rbe8 40. R1d2
Rhf8 41. Qe5 Rc8 42. Rb7 Rfd8 43. Rdd7 Rxd7 44. Rxd7 Qxe5 45. Nxe5 Rc7 46. Kf3
Kf8 47. Ke4 Ke8 48. Rd2 Ke7 49. f4 f5+ 50. gxf5 gxf5+ 51. Kf3 Ba5 52. Rg2 Bc3
53. Nc4 Kf6 54. Re2 Bb4 55. Ne5 Bd6 56. Rd2 Bxe5 57. fxe5+ Kxe5 58. Rd7 Rc8 59.
Rxa7 Kd6 60. Kf4 Kc5 61. Rb7 Kd6 62. h5 Rg8 63. Rd7+ Kc5 64. c7 Rc8 65. Ke5 Kxb5
66. Kxe6 f4 67. Rf7 Kc6 68. Rxf4 Kxc7 69. Rc4+ Kd8 70. Rxc8+ Kxc8 71. Kf6 Kd7
72. Kg6 Ke7 73. Kxh6 Kf7 74. Kh7 Kf8 75. h6 Kf7 76. Kh8 Kf8 77. h7 Kf7 1/2-1/2

[Event "18th Unive Open 2014"]
[Site "Hoogeveen NED"]
[Date "2014.10.18"]
[Round "9.23"]
[White "Vogel, Jaap"]
[Black "Hummel, Paul"]
[Result "1-0"]
[WhiteTitle "FM"]
[WhiteElo "2239"]
[BlackElo "2027"]
[WhiteFideId "1000764"]
[BlackFideId "1021168"]
[EventDate "2014.10.11"]

1. d4 g6 2. Nf3 Bg7 3. g3 d5 4. Bg2 Nh6 5. c4 dxc4 6. e4 Bg4 7. h3 Bxh3 8. Bxh3
Nc6 9. d5 Ne5 10. O-O Nd7 11. Bg2 c6 12. Nc3 cxd5 13. Nxd5 e6 14. Bxh6 1-0

[Event "18th Unive Open 2014"]
[Site "Hoogeveen NED"]
[Date "2014.10.18"]
[Round "9.24"]
[White "Lesmann, Francis"]
[Black "Buckels, Valentin"]
[Result "1/2-1/2"]
[WhiteElo "2090"]
[BlackElo "2179"]
[WhiteFideId "1001949"]
[BlackFideId "12942766"]
[EventDate "2014.10.11"]

1. Nf3 Nf6 2. g3 e6 3. Bg2 d5 4. O-O Be7 5. b3 c5 6. Bb2 Nc6 7. c4 O-O 8. cxd5
exd5 9. d4 b6 10. e3 Ba6 11. Re1 Ne4 12. a3 Bf6 13. Nbd2 Re8 14. Nxe4 dxe4 15.
Nd2 Bd3 16. Qg4 Qe7 17. Rac1 Rac8 18. Ba1 h6 19. Qh5 cxd4 20. exd4 Qxa3 21. Bh3
Rc7 22. Bf5 Qd6 23. Bxe4 Rce7 24. Rxc6 Qxc6 25. Bxc6 Rxe1+ 26. Kg2 Rc8 27. Bd5
Rxa1 28. Bxf7+ Kh8 29. Qf3 Bh7 30. Qe3 Rd8 31. d5 Rd1 32. d6 Bg8 33. Bxg8 Kxg8
34. Ne4 R1xd6 35. Nxd6 1/2-1/2

[Event "18th Unive Open 2014"]
[Site "Hoogeveen NED"]
[Date "2014.10.18"]
[Round "9.25"]
[White "Wunnink, Michael"]
[Black "Hendriks, Richard"]
[Result "1-0"]
[WhiteElo "2286"]
[BlackElo "2110"]
[WhiteFideId "1005448"]
[BlackFideId "1006096"]
[EventDate "2014.10.11"]

1. Nf3 d5 2. c4 dxc4 3. Na3 e5 4. Nxe5 Bxa3 5. Qa4+ b5 6. Qxa3 Qd5 7. Nf3 Nc6 8.
g3 Nge7 9. Bg2 O-O 10. O-O Bd7 11. b3 Rab8 12. bxc4 bxc4 13. Bb2 Qb5 14. Bc3
Rfe8 15. Qc1 Bf5 16. Nd4 Nxd4 17. Bxd4 Nc6 18. Be3 Re6 19. Qc3 Bg4 20. Rfe1 Qh5
21. f3 Bh3 22. Qxc4 Rbe8 23. Qc5 f5 24. Qd5 Kf7 25. g4 Bxg4 26. Rac1 Qg6 27.
Rxc6 f4 28. Rxc7+ 1-0

[Event "18th Unive Open 2014"]
[Site "Hoogeveen NED"]
[Date "2014.10.18"]
[Round "9.26"]
[White "Henrich, Thomas"]
[Black "Boersma, Jan"]
[Result "0-1"]
[WhiteElo "2227"]
[BlackElo "2067"]
[WhiteFideId "4640993"]
[BlackFideId "1003267"]
[EventDate "2014.10.11"]

1. d4 Nf6 2. c4 g6 3. Nc3 Bg7 4. e4 O-O 5. Bg5 d6 6. Qd2 a6 7. Be2 c5 8. Nf3 Qa5
9. O-O cxd4 10. Nd5 Qd8 11. Nxf6+ exf6 12. Bh6 Bxh6 13. Qxh6 Re8 14. Nd2 Nc6 15.
f4 f5 16. Bf3 Qf6 17. c5 dxc5 18. e5 Qg7 19. Qxg7+ Kxg7 20. Rac1 Be6 21. Rxc5
Nb4 22. a3 Nd3 23. Rc7 Rac8 24. Rxc8 Rxc8 25. Bxb7 Rc2 26. Nf3 Rxb2 27. Bxa6 Nc5
28. Bc8 Bxc8 29. Rc1 Nd3 0-1

[Event "18th Unive Open 2014"]
[Site "Hoogeveen NED"]
[Date "2014.10.18"]
[Round "9.27"]
[White "Poznyak, Nazar"]
[Black "Smeets, Pierre"]
[Result "1/2-1/2"]
[WhiteElo "1824"]
[BlackElo "2044"]
[WhiteFideId "14159902"]
[BlackFideId "1043820"]
[EventDate "2014.10.11"]

1. e4 e6 2. d4 d5 3. Nd2 Nf6 4. e5 Nfd7 5. Bd3 c5 6. c3 Nc6 7. Ne2 cxd4 8. cxd4
f6 9. exf6 Nxf6 10. Nf3 Qc7 11. O-O Bd6 12. g3 O-O 13. Bf4 Bd7 14. Rc1 Ne4 15.
Bxe4 dxe4 16. Ne5 Bxe5 17. Bxe5 1/2-1/2

[Event "18th Unive Open 2014"]
[Site "Hoogeveen NED"]
[Date "2014.10.18"]
[Round "9.28"]
[White "Den Hartog, Marijn"]
[Black "Hummel, Joop"]
[Result "1-0"]
[WhiteElo "2127"]
[BlackElo "1975"]
[WhiteFideId "1046098"]
[BlackFideId "1012126"]
[EventDate "2014.10.11"]

1. e4 c5 2. Nc3 e6 3. Nf3 d6 4. d4 cxd4 5. Nxd4 Nf6 6. g4 Nc6 7. g5 Nd7 8. Be3
Nc5 9. f4 Bd7 10. Qf3 Nxd4 11. Bxd4 Qa5 12. O-O-O Rc8 13. Kb1 b5 14. Ne2 Nxe4
15. Qxe4 Bc6 16. Qe3 Bxh1 17. f5 Qc7 18. Nc3 a6 19. fxe6 Bb7 20. Bxb5+ axb5 21.
exf7+ Kd7 22. Re1 Qc4 23. Qe8+ Kc7 24. b3 Qc6 25. Nxb5+ Kb8 26. c4 d5 27. Qe3
Bc5 28. Bxc5 Qxc5 29. Qxc5 Rxc5 30. Re8+ Rc8 31. Nd6 Rd8 32. Rxd8+ Rxd8 33. Ne8 1-0

[Event "18th Unive Open 2014"]
[Site "Hoogeveen NED"]
[Date "2014.10.18"]
[Round "9.29"]
[White "Oord, Raymon"]
[Black "Gieben, Stijn"]
[Result "0-1"]
[WhiteElo "1841"]
[BlackElo "2157"]
[WhiteFideId "1046110"]
[BlackFideId "1034170"]
[EventDate "2014.10.11"]

1. c4 e5 2. Nc3 Bb4 3. g3 Bxc3 4. bxc3 d6 5. Bg2 Ne7 6. d4 Nbc6 7. e3 O-O 8. Nf3
f6 9. Bb2 Qe8 10. Nd2 Kh8 11. O-O Qg6 12. d5 Nb8 13. e4 Qh6 14. Qe2 Bh3 15. Nb3
Bxg2 16. Kxg2 Nd7 17. f3 f5 18. Bc1 Qg6 19. Bd2 a5 20. a4 b6 21. Rae1 Rae8 22.
Qd3 fxe4 23. fxe4 Rxf1 24. Rxf1 Nc5 25. Nxc5 dxc5 26. Qf3 Kg8 27. h4 h5 28. Bg5
Nc8 29. Qd3 Nd6 30. Re1 Qf7 31. Qe2 Qd7 32. Qxh5 Qxa4 33. Qg6 Qd7 34. Rf1 Qg4
35. Re1 Rf8 36. Qe6+ Qxe6 37. dxe6 Re8 38. e7 Nf7 39. Be3 Rxe7 40. Ra1 Nd6 41.
Bxc5 bxc5 42. Rxa5 Nxe4 43. Kf3 Nf6 44. Rxc5 e4+ 45. Ke2 e3 46. Ra5 Kf7 47. h5
g6 48. hxg6+ Kxg6 49. c5 c6 50. Ra6 Re6 51. c4 Ne4 52. Ra3 Nxg3+ 53. Ke1 Kf5 54.
Rd3 Ne4 55. Rxe3 Nxc5 56. Rxe6 Nxe6 57. Kd2 Ke4 58. Kc3 c5 0-1

[Event "18th Unive Open 2014"]
[Site "Hoogeveen NED"]
[Date "2014.10.18"]
[Round "9.30"]
[White "Goossens, Hanne"]
[Black "Bakels, Anton"]
[Result "1-0"]
[WhiteTitle "WFM"]
[WhiteElo "2187"]
[BlackElo "2056"]
[WhiteFideId "200468"]
[BlackFideId "1046187"]
[EventDate "2014.10.11"]

1. e4 c5 2. Nf3 d6 3. d4 cxd4 4. Nxd4 Nf6 5. Nc3 a6 6. Be3 e5 7. Nb3 Be7 8. h3
Be6 9. Qf3 Nbd7 10. O-O-O Qc7 11. g4 Nc5 12. g5 Nfd7 13. Kb1 Rc8 14. h4 b5 15.
Bh3 Na4 16. Bd2 Ndb6 17. Qd3 Nc4 18. Nxa4 bxa4 19. Na1 Rb8 20. b3 O-O 21. Bc1
Rfc8 22. h5 axb3 23. cxb3 Qa5 24. g6 Rc6 25. gxf7+ Bxf7 26. Bf5 Na3+ 27. Bxa3
Qxa3 28. Rd2 Rcb6 29. Rb2 d5 30. exd5 e4 31. Bxe4 Bf6 32. Rc2 Bxa1 33. Kxa1 Rxb3
34. Qd2 R3b4 35. f3 R4b7 36. h6 Qd6 37. Qc3 Qxh6 38. Qc8+ Be8 39. Qe6+ Bf7 40.
Rc8+ Rxc8 41. Qxc8+ Be8 42. Qxe8# 1-0

[Event "18th Unive Open 2014"]
[Site "Hoogeveen NED"]
[Date "2014.10.18"]
[Round "9.31"]
[White "Elgersma, Simon"]
[Black "Sadallah, Osama"]
[Result "1/2-1/2"]
[WhiteElo "1747"]
[BlackElo "2108"]
[WhiteFideId "1046101"]
[BlackFideId "1002350"]
[EventDate "2014.10.11"]

1. e4 d5 2. exd5 Qxd5 3. Nc3 Qd6 4. d4 Nf6 5. Nf3 c6 6. h3 Bf5 7. Bd3 Bxd3 8.
Qxd3 e6 9. O-O Nbd7 10. Ne2 Qc7 11. Bf4 Bd6 12. Bxd6 Qxd6 13. c3 O-O 14. Rad1
Rad8 15. Rfe1 b5 16. Ng3 Qc7 17. Ne5 Nxe5 18. Rxe5 Rd5 19. Rxd5 Nxd5 20. Re1 Nf4
21. Qf3 Rd8 22. Re4 Ng6 23. h4 h6 24. h5 Nf8 25. Re1 c5 26. dxc5 Qxc5 27. Rd1
Rxd1+ 28. Qxd1 Qg5 29. Ne4 Qh4 30. Nd6 a6 31. Qf3 f5 32. Qb7 Qxh5 33. Qxa6 Kh7
34. Nxb5 Qd1+ 35. Kh2 Qe2 36. a4 Qxf2 37. Qd6 Qh4+ 38. Kg1 Qe1+ 39. Kh2 Ng6 40.
Nd4 Qh4+ 41. Kg1 Nf4 42. Nf3 Qg3 43. Qd2 e5 44. Nxe5 Nxg2 45. Qxg2 Qxe5 46. c4
Qe1+ 47. Qf1 Qg3+ 48. Kh1 Qh4+ 49. Kg2 Qg4+ 50. Kh2 Qh4+ 51. Kg2 1/2-1/2